[Event "4NCL/Div1/SLO-BAR2"]
[Site "Rd03-Birmingham"]
[Date "2000.11.25"]
[Round "3.5"]
[White "Kosten, Anthony"]
[Black "Rogers, Jonathan"]
[Result "1-0"]
[WhiteElo "2524"]
[BlackElo "2329"]
[PlyCount "69"]
[EventDate "2000.11.25"]

1. c4 f5 2. Nf3 Nf6 3. g3 d6 4. Bg2 e5 5. d3 g6 6. Nc3 Bg7 7. O-O O-O 8. b4 e4
9. Ne1 exd3 10. Nxd3 Ne4 11. Nxe4 fxe4 12. Nb2 e3 13. fxe3 Rxf1+ 14. Qxf1 Nc6
15. b5 Ne5 16. Rb1 a6 17. Nd3 axb5 18. cxb5 d5 19. Qd1 Bf5 20. Qb3 Nc4 21. e4
Bd4+ 22. Kh1 Na5 23. Qxd5+ Qxd5 24. exd5 Re8 25. e4 Rxe4 26. Rb4 Re2 27. Rxd4
Bxd3 28. h4 Bxb5 29. Bh6 Be8 30. Kg1 Rxa2 31. d6 Ra1+ 32. Kh2 cxd6 33. Bd5+ Bf7
34. Rf4 Bxd5 35. Rf8# 1-0

[Event "4NCL/Div1/SLO-BAR2"]
[Site "Rd03-Birmingham"]
[Date "2000.11.25"]
[Round "3.6"]
[White "Plueg, Andreas"]
[Black "Buckley, Graeme"]
[Result "1/2-1/2"]
[WhiteElo "2313"]
[BlackElo "2369"]
[PlyCount "121"]
[EventDate "2000.11.25"]

1. d4 Nf6 2. Nf3 g6 3. c3 Bg7 4. Bf4 d6 5. Nbd2 O-O 6. h3 Nbd7 7. e3 Qe8 8. Be2
e5 9. Bg3 Qe7 10. O-O h6 11. dxe5 dxe5 12. Nc4 Ne4 13. Bh2 Re8 14. Qc2 f5 15.
Rfd1 b6 16. a4 a6 17. Bf1 Kh8 18. b4 Bb7 19. Rxd7 Qxd7 20. Ncxe5 Bxe5 21. Bxe5+
Kh7 22. Rd1 Qe7 23. b5 axb5 24. axb5 Red8 25. Rxd8 Rxd8 26. Bd4 Nc5 27. Ne5 Ne6
28. Bd3 Nxd4 29. cxd4 Kg7 30. f4 Qd6 31. Be2 Rc8 32. Bf3 Bxf3 33. gxf3 Qd5 34.
Qg2 Rg8 35. Qc2 Qd6 36. Qb3 Kh7 37. Kf2 Rg7 38. Qc4 Qf6 39. Qc2 Qh4+ 40. Kg2
Qe1 41. Qd3 h5 42. Qb3 g5 43. fxg5 Rxg5+ 44. Ng4 Qe2+ 45. Kg3 Rg7 46. Qd5 Qc2
47. e4 hxg4 48. Qxf5+ Kg8 49. Qc8+ Kf7 50. Qd7+ Kf8 51. Qd8+ Kf7 52. Qd7+ Kf6
53. Qd8+ Re7 54. Qf8+ Rf7 55. Qd8+ Kg7 56. Qg5+ Kh7 57. Qh5+ Kg8 58. Qg5+ Rg7
59. Qd5+ Kf8 60. Qd8+ Kf7 61. Qd7+ 1/2-1/2

[Event "4NCL/Div1/SLO-BAR2"]
[Site "Rd03-Birmingham"]
[Date "2000.11.25"]
[Round "3.7"]
[White "McNab, Colin"]
[Black "Twyble, Michael"]
[Result "1/2-1/2"]
[WhiteElo "2400"]
[BlackElo "2231"]
[PlyCount "50"]
[EventDate "2000.11.25"]

1. c4 g6 2. g3 c5 3. Bg2 Bg7 4. Nc3 Nc6 5. Nf3 Nf6 6. d3 O-O 7. Bg5 h6 8. Bd2
d6 9. a3 a5 10. O-O Be6 11. e4 Qd7 12. Nd5 Ra6 13. Bc3 Bg4 14. Ne3 Bh3 15. Re1
Bxg2 16. Kxg2 e6 17. Qd2 h5 18. h3 a4 19. Qc2 Na5 20. Rad1 e5 21. Nd5 Nxd5 22.
exd5 b5 23. Qe2 bxc4 24. dxc4 Nb3 25. Qd3 Rb6 1/2-1/2

[Event "4NCL/Div1/SLO-BAR2"]
[Site "Rd03-Birmingham"]
[Date "2000.11.25"]
[Round "3.8"]
[White "Kieran, Rosalind"]
[Black "Lalic, Susan"]
[Result "0-1"]
[WhiteElo "2083"]
[BlackElo "2315"]
[PlyCount "56"]
[EventDate "2000.11.25"]

1. e4 e6 2. d4 d5 3. e5 c5 4. c3 Qb6 5. Nf3 Bd7 6. Be2 Nc6 7. O-O cxd4 8. cxd4
Nh6 9. Nc3 Nf5 10. Na4 Qc7 11. Bf4 h6 12. Rc1 g5 13. Be3 Be7 14. Ne1 O-O 15.
Bd3 f6 16. Bxf5 exf5 17. Qh5 Kg7 18. f4 Be8 19. Qf3 fxe5 20. dxe5 d4 21. Bxd4
Qa5 22. Qc3 Qxa4 23. e6+ Qxd4+ 24. Qxd4+ Nxd4 25. Rc7 Kf6 26. fxg5+ hxg5 27. g4
Bb5 28. Rf2 Ne2+ 0-1

[Event "4NCL/Div1/BAR1-GUI"]
[Site "Rd04-Birmingham"]
[Date "2000.11.26"]
[Round "4.1"]
[White "Parker, Jonathan"]
[Black "Gormally, Daniel"]
[Result "1/2-1/2"]
[WhiteElo "2539"]
[BlackElo "2504"]
[PlyCount "30"]
[EventDate "2000.11.26"]

1. c4 e6 2. d4 d5 3. Nf3 c6 4. Qc2 Nf6 5. Bg5 Nbd7 6. Nbd2 Be7 7. e3 O-O 8. Bd3
h6 9. Bf4 c5 10. O-O cxd4 11. exd4 dxc4 12. Bxc4 Nb6 13. Bb3 Nbd5 14. Bg3 b6
15. a3 Bb7 1/2-1/2

[Event "4NCL/Div1/BAR1-GUI"]
[Site "Rd04-Birmingham"]
[Date "2000.11.26"]
[Round "4.3"]
[White "Kelly, Brian"]
[Black "Conquest, Stuart"]
[Result "1/2-1/2"]
[WhiteElo "2464"]
[BlackElo "2529"]
[PlyCount "38"]
[EventDate "2000.11.26"]

1. c4 Nf6 2. Nc3 e5 3. g3 Bb4 4. Bg2 O-O 5. Qb3 a5 6. a3 Bxc3 7. Qxc3 Re8 8.
Nf3 d5 9. cxd5 Nxd5 10. Qc4 Nc6 11. d3 Be6 12. Qc5 h6 13. O-O a4 14. Bd2 Qd7
15. Rac1 f5 16. Rfe1 Qd6 17. e4 fxe4 18. dxe4 Nb6 19. Be3 Qxc5 1/2-1/2

[Event "4NCL/Div1/BAR1-GUI"]
[Site "Rd04-Birmingham"]
[Date "2000.11.26"]
[Round "4.4"]
[White "Plaskett, James"]
[Black "Collinson, Adam"]
[Result "1-0"]
[WhiteElo "2526"]
[BlackElo "2404"]
[PlyCount "73"]
[EventDate "2000.11.26"]

1. e4 d6 2. Nc3 Nf6 3. f4 d5 4. e5 d4 5. Nce2 Nd5 6. Nf3 c5 7. c3 dxc3 8. dxc3
Nc6 9. Ng3 e6 10. Bd3 Be7 11. O-O O-O 12. Qe2 Bd7 13. f5 exf5 14. Nxf5 Qb6 15.
Kh1 Bxf5 16. Bxf5 Rad8 17. Bc2 Qa6 18. Qf2 Qc4 19. Bd2 Qg4 20. Rae1 f5 21. exf6
Nxf6 22. Ng5 Bd6 23. Bd1 Qd7 24. Bb3+ Kh8 25. Qh4 c4 26. Bc2 Qg4 27. Nf7+ Rxf7
28. Qxg4 Nxg4 29. Rxf7 Nce5 30. Bg5 Nxf7 31. Bxd8 g6 32. h3 Nxd8 33. Re8+ Kg7
34. Rxd8 Nf2+ 35. Kg1 Bc5 36. Kf1 Kf6 37. Rc8 1-0

[Event "4NCL/Div1/BAR1-GUI"]
[Site "Rd04-Birmingham"]
[Date "2000.11.26"]
[Round "4.5"]
[White "Ferguson, Mark"]
[Black "Webb, Richard"]
[Result "1/2-1/2"]
[WhiteElo "2374"]
[BlackElo "2353"]
[PlyCount "30"]
[EventDate "2000.11.26"]

1. e4 c5 2. Nf3 d6 3. Bc4 Nf6 4. d3 g6 5. O-O Bg7 6. Re1 O-O 7. Bb3 Nc6 8. c3
e5 9. Nbd2 Re8 {=} 10. h3 h6 11. a3 Rb8 12. Bc2 b5 13. a4 a6 14. axb5 axb5 15.
Nb3 Bb7 1/2-1/2

[Event "4NCL/Div1/BAR1-GUI"]
[Site "Rd04-Birmingham"]
[Date "2000.11.26"]
[Round "4.8"]
[White "Yurenok, Maria"]
[Black "Lauterbach, Ingrid"]
[Result "1/2-1/2"]
[WhiteElo "2058"]
[BlackElo "2179"]
[PlyCount "107"]
[EventDate "2000.11.26"]

1. d4 d6 2. Bg5 g6 3. e4 Bg7 4. c3 Nf6 5. Nd2 c6 6. Ngf3 Qc7 7. Be2 e5 8. dxe5
dxe5 9. O-O O-O 10. h3 Nbd7 11. Qc2 Re8 12. Rad1 Nc5 13. Be3 Bf8 14. b4 Ncd7
15. Bc4 b5 16. Bb3 c5 17. bxc5 Nxc5 18. Ng5 Nxb3 19. axb3 Bb7 20. f4 h6 21.
fxe5 Qxe5 22. Bd4 Qxg5 23. Rxf6 Bg7 24. Rf2 Re7 25. Bxg7 Kxg7 26. Qd3 Qc5 27.
c4 bxc4 28. Qxc4 Qxc4 29. bxc4 Rd8 30. Ra1 Ba8 31. Ra6 Red7 32. Ra2 Re8 33. Ra6
Bxe4 34. Nxe4 Rxe4 35. c5 Re1+ 36. Kh2 Rc7 37. Rfa2 Ree7 38. c6 Kf6 39. Rd2 Ke5
40. Kg3 f5 41. Kf3 Kf6 42. Kf2 f4 43. Rd6+ Re6 44. Rd7 Rcxc6 45. Rxc6 Rxc6 46.
Rxa7 g5 47. Ra3 h5 48. Kf3 Rc5 49. h4 Kf5 50. hxg5 Kxg5 51. Rb3 Re5 52. g3 fxg3
53. Kxg3 Ra5 54. Rc3 1/2-1/2

[Event "4NCL/Div1/BAR2-PP"]
[Site "Rd04-Birmingham"]
[Date "2000.11.26"]
[Round "4.1"]
[White "Webster, Andrew"]
[Black "Harley, Andrew"]
[Result "1-0"]
[WhiteElo "2424"]
[BlackElo "2296"]
[PlyCount "107"]
[EventDate "2000.11.26"]

1. c4 Nf6 2. g3 c5 3. Bg2 d5 4. cxd5 Nxd5 5. Nc3 Nc7 6. d3 e5 7. Nf3 Nc6 8. Nd2
Bd7 9. O-O Be7 10. Nc4 f6 11. f4 b5 12. Ne3 Rc8 13. f5 Nd4 14. a4 b4 15. Ne4
O-O 16. h4 Bc6 17. Nc4 Qd7 18. g4 b3 19. Ra3 Bxa4 20. Nc3 Bc6 21. e3 Bxg2 22.
Kxg2 Nc2 23. Rxb3 Nb4 24. Ne4 Rcd8 25. Nf2 Qc6+ {=} 26. Qf3 Qxf3+ 27. Kxf3 Rd7
28. e4 Nb5 29. Be3 Rb8 30. Na3 Nd4+ 31. Bxd4 cxd4 32. Nc4 Rc8 33. Ke2 Rdc7 34.
Ra1 Nxd3 35. Kxd3 Rxc4 36. Rxa7 R4c7 37. Rbb7 Bd6 38. Rxc7 Rxc7 39. Rxc7 Bxc7
40. Kc4 Kf7 41. Kd5 g6 42. b4 h5 43. gxh5 gxf5 44. exf5 Kg7 45. Ke6 Bd8 46. Kd7
Bb6 47. Ke7 Bc7 48. h6+ Kxh6 49. Kxf6 Kh5 50. Ke7 Kxh4 51. f6 Kg3 52. Nd1 e4
53. f7 e3 54. Nb2 1-0

[Event "4NCL/Div1/BAR2-PP"]
[Site "Rd04-Birmingham"]
[Date "2000.11.26"]
[Round "4.2"]
[White "Hadzimanolis, Antonios"]
[Black "Duncan, Chris"]
[Result "1/2-1/2"]
[WhiteElo "2235"]
[BlackElo "2310"]
[PlyCount "147"]
[EventDate "2000.11.26"]

1. e4 c5 2. c3 d5 3. exd5 Qxd5 4. d4 Nf6 5. Nf3 Nc6 6. Be3 e5 7. c4 Qd6 8. d5
Nd4 9. Nc3 a6 10. Ng5 Be7 11. Bd3 h6 12. Nge4 Nxe4 13. Nxe4 Qb6 14. Qh5 Qc7 15.
O-O g6 16. Qd1 f5 17. Nc3 Kf7 18. f4 e4 19. Be2 Bf6 20. Rb1 Bd7 21. b4 b6 22.
Rf2 Rab8 23. Bf1 Qd6 24. a3 Nf3+ 25. gxf3 Bxc3 26. Qb3 Bd4 27. fxe4 fxe4 28.
Re1 Rhe8 29. Bg2 Bf5 30. b5 axb5 31. Qxb5 Ra8 32. Qb3 Ra6 33. Rd2 Bf6 34. Ra2
Rea8 35. Bc1 Bh4 36. Re3 Qxf4 37. Bxe4 Bxe4 38. Qd1 Re8 39. Rg2 Qf6 40. Rge2
Qg5+ 41. Rg3 Qh5 42. Rf2+ Ke7 43. Qxh5 gxh5 44. Rg7+ Kd8 45. Rff7 Re7 46. Rg8+
Kd7 47. Rff8 Re5 48. Bf4 Rg5+ 49. Bxg5 Bxg5 50. Rf7+ Kd6 51. Re8 Bxd5 52. cxd5
Kxd5 53. Rf3 Bc1 54. Re1 Bb2 55. Rf5+ Kc4 56. Rxh5 b5 57. Rb1 Bd4+ 58. Kg2 Rxa3
59. Rxh6 b4 60. h4 Kd3 61. Rb6 Kc2 62. R1xb4 cxb4 63. Rxb4 Kd3 64. Kf3 Ra8 65.
Rb3+ Bc3 66. h5 Rf8+ 67. Kg4 Kd4 68. Rxc3 Kxc3 69. h6 Kd4 70. Kg5 Ke5 71. h7
Ke6 72. Kg6 Ra8 73. Kg7 Ra7+ 74. Kg8 1/2-1/2

[Event "4NCL/Div1/BAR2-PP"]
[Site "Rd04-Birmingham"]
[Date "2000.11.26"]
[Round "4.3"]
[White "Hanley, Craig"]
[Black "Swanson, Stephen"]
[Result "1/2-1/2"]
[WhiteElo "2283"]
[BlackElo "2273"]
[PlyCount "124"]
[EventDate "2000.11.26"]

1. d4 d6 2. c4 e5 3. Nc3 Nd7 4. e4 Be7 5. Nf3 Ngf6 6. g3 O-O 7. Bg2 c6 8. O-O
a6 9. a4 a5 10. h3 Re8 11. b3 Bf8 12. Re1 exd4 13. Nxd4 g6 14. Ba3 Qb6 15. Rb1
Nc5 16. Kh2 Bd7 17. f4 Bg7 18. e5 dxe5 19. fxe5 Nh5 20. Nf3 Bf5 21. Qd4 Bf8 22.
Rb2 Rad8 23. Qf2 Rd3 24. g4 Rxc3 25. gxf5 Nd7 26. e6 Qc7+ 27. Kg1 fxe6 28. Bxf8
Nxf8 29. Qd2 Qb6+ 30. Kh2 Rxb3 31. Rxb3 Qxb3 32. fxg6 hxg6 33. Re4 Qb4 34. Qh6
Qd6+ 35. Ne5 Nf6 36. Re1 N6d7 37. Qg5 Nxe5 38. Rxe5 Kg7 39. c5 Qd4 40. Re4 Qf6
41. Qd2 e5 42. Qxa5 Ne6 43. Rg4 Qf2 44. Qb4 Re7 45. Qe4 Qf6 46. Qe3 Nf4 47. Be4
Qe6 48. Qc3 Qf6 49. a5 Rd7 50. h4 Rd4 51. Qe3 Qd8 52. Bxg6 Rd2+ 53. Kg1 Nxg6
54. h5 Rd1+ 55. Kf2 Rf1+ 56. Kg2 Rf6 57. Qxe5 Qd2+ 58. Kh3 Qd3+ 59. Rg3 Qd7+
60. Kh2 {=} Qd2+ 61. Kh3 Qd7+ 62. Kh2 Qd2+ 1/2-1/2

[Event "4NCL/Div1/BAR2-PP"]
[Site "Rd04-Birmingham"]
[Date "2000.11.26"]
[Round "4.4"]
[White "Smith, Andrew P"]
[Black "Plueg, Andreas"]
[Result "1-0"]
[WhiteElo "2252"]
[BlackElo "2313"]
[PlyCount "79"]
[EventDate "2000.11.26"]

1. e4 c6 2. d4 d5 3. e5 Bf5 4. c4 dxc4 5. Bxc4 e6 6. Nc3 Nd7 7. Nge2 Nb6 8. Bb3
Ne7 9. O-O Qd7 10. Be3 Bg6 11. f3 Ned5 12. Bf2 Nxc3 13. bxc3 Be7 14. c4 O-O 15.
Nc3 Qc7 16. f4 a5 17. a4 Bb4 18. Qf3 f6 19. Ne4 Bxe4 20. Qxe4 f5 21. Qe3 Nd7
22. Rfd1 Rae8 23. Rac1 Rf7 24. Qf3 g6 25. Kh1 Rg7 26. g4 Kh8 27. Rg1 Qd8 28.
gxf5 gxf5 29. Rxg7 Kxg7 30. Rg1+ Kh8 31. c5 Qe7 32. Qg2 Qf7 33. Qg5 Bd2 34. Qh6
Nf8 35. Bh4 Ng6 36. Bf6+ Kg8 37. h4 Qd7 38. Rxg6+ hxg6 39. Qh8+ Kf7 40. Qg7#
1-0

[Event "4NCL/Div1/BAR2-PP"]
[Site "Rd04-Birmingham"]
[Date "2000.11.26"]
[Round "4.5"]
[White "Rogers, Jonathan"]
[Black "Byway, Paul"]
[Result "1-0"]
[WhiteElo "2329"]
[BlackElo "2231"]
[PlyCount "51"]
[EventDate "2000.11.26"]

1. d4 Nf6 2. Nf3 d5 3. Bg5 e6 4. e3 Nbd7 5. Bd3 c5 6. c3 Be7 7. Nbd2 Qc7 8. Qe2
b6 9. Ne5 Bb7 10. Bb5 Bc8 11. e4 a6 12. Bc6 Bb7 13. exd5 Bxc6 14. Nxc6 Nxd5 15.
Nxe7 Nxe7 16. O-O Qc6 17. Ne4 Nc8 18. d5 Qxd5 19. Rad1 Qb7 20. Qf3 Ra7 21. Rxd7
Qxd7 22. Rd1 Qc7 23. Nf6+ gxf6 24. Qxf6 Nd6 25. Qxh8+ Kd7 26. Bf4 1-0

[Event "4NCL/Div1/BAR2-PP"]
[Site "Rd04-Birmingham"]
[Date "2000.11.26"]
[Round "4.6"]
[White "Devereaux, Maxim"]
[Black "Twyble, Michael"]
[Result "1-0"]
[WhiteElo "2274"]
[BlackElo "2231"]
[PlyCount "67"]
[EventDate "2000.11.26"]

1. d4 d5 2. Nf3 Nf6 3. c4 c6 4. Nc3 a6 5. e3 b5 6. cxd5 cxd5 7. Bd3 e6 8. Bd2
Nbd7 9. O-O Bb7 10. Ne2 Bd6 {=} 11. a4 bxa4 12. Qxa4 O-O 13. Rfc1 Qe7 14. Ng3
Ne4 15. Ba5 f5 16. Bc7 Rfc8 17. Bxd6 Qxd6 18. Ne2 Rxc1+ 19. Rxc1 a5 20. Nf4
Nef6 21. Qa3 Qxa3 22. bxa3 Nf8 23. Ng5 Bc8 24. Rc6 Bd7 25. Rb6 Re8 26. Bb5 Bxb5
27. Rxb5 h6 28. Nf3 Rc8 29. h3 Ne4 30. Nd3 Rc3 {=} 31. Nfe5 Nd7 32. Nxd7 Rxd3
33. Rb8+ Kf7 34. Ne5+ 1-0

[Event "4NCL/Div1/BAR2-PP"]
[Site "Rd04-Birmingham"]
[Date "2000.11.26"]
[Round "4.7"]
[White "Palliser, Richard"]
[Black "Hammond, Andrew"]
[Result "1-0"]
[WhiteElo "2277"]
[BlackElo "2213"]
[PlyCount "63"]
[EventDate "2000.11.26"]

1. d4 Nf6 2. Nf3 g6 3. Nc3 Bg7 4. e4 d6 5. Be3 Bg4 6. h3 Bxf3 7. Qxf3 Nc6 8.
O-O-O Nd7 9. Bc4 O-O 10. h4 e5 11. h5 Nb6 12. Bb3 Nxd4 13. Qh3 Qf6 14. hxg6
Qxg6 15. Rd3 Nxb3+ 16. cxb3 h6 17. Bd2 Kh7 18. Rg3 Qf6 19. Rxg7+ Kxg7 20. Bxh6+
Kg8 21. Be3 Rfc8 22. Qh7+ Kf8 23. Rh6 Qg7 24. Qf5 Re8 25. g4 Kg8 26. g5 Re6 27.
Rh5 c6 28. Ne2 Qg6 29. Qg4 Nd7 30. Ng3 Nf6 31. Qh3 Nh7 32. Nf5 1-0

[Event "4NCL/Div1/BAR2-PP"]
[Site "Rd04-Birmingham"]
[Date "2000.11.26"]
[Round "4.8"]
[White "Vann, Monica"]
[Black "Kieran, Rosalind"]
[Result "0-1"]
[WhiteElo "1536"]
[BlackElo "2083"]
[PlyCount "92"]
[EventDate "2000.11.26"]

1. e4 c5 2. f4 Nc6 3. Nf3 g6 4. Nc3 Bg7 5. Bc4 e6 6. O-O Nge7 7. a3 d5 8. Ba2
dxe4 9. Nxe4 O-O 10. c3 b6 11. Rb1 Ba6 12. c4 Nd4 13. b4 Bb7 14. d3 Nxf3+ 15.
Qxf3 f5 16. Nf6+ Bxf6 17. Qxb7 Qxd3 18. Qf3 Rad8 19. Bb2 Bxb2 20. Rxb2 Qd4+ 21.
Rbf2 Rd6 22. Bb3 Qd3 23. Re2 Qxf3 24. Rxf3 Nc6 25. Rfe3 Nd4 26. Re1 Rc8 27. b5
Rcd8 28. Bd1 Kf7 29. Re5 Nxb5 30. cxb5 Rxd1 31. Rxe6 Rxe1+ 32. Rxe1 Rd3 33. Ra1
Rd2 34. a4 Rd4 35. g3 Ke6 36. Re1+ Re4 37. Rd1 Rxa4 38. Rd8 Ra2 39. Rh8 h5 40.
Rc8 Rd2 41. Rc6+ Rd6 42. Rc7 Kd5 43. Rxa7 Kc4 44. h3 Kxb5 45. Rh7 c4 46. Rh6 c3
0-1

[Event "4NCL/Div1/IIT1-SLO"]
[Site "Rd04-Birmingham"]
[Date "2000.11.26"]
[Round "4.2"]
[White "Ftacnik, Lubomir"]
[Black "Rogers, Ian"]
[Result "1/2-1/2"]
[WhiteElo "2608"]
[BlackElo "2558"]
[PlyCount "76"]
[EventDate "2000.11.26"]

1. Nf3 d5 2. d4 Nf6 3. c4 dxc4 4. e3 Bg4 5. Bxc4 e6 6. h3 Bh5 7. Nbd2 Nbd7 8.
g4 Bg6 9. Nh4 Be4 10. Nxe4 Nxe4 11. Nf3 h5 12. Bd3 Ng5 13. Nxg5 Qxg5 14. Be4 c6
15. Bf3 hxg4 16. hxg4 Rxh1+ 17. Bxh1 Bb4+ 18. Kf1 O-O-O 19. a3 Be7 20. Bd2 Rh8
21. Bf3 Qb5+ 22. Kg1 Qxb2 23. Rb1 Qa2 24. a4 Bd6 25. Be1 Bh2+ 26. Kg2 Bc7 27.
Ra1 Qb2 28. Rb1 Qa3 29. Qc2 Qd6 30. Qb3 Nb6 31. a5 Rh1 32. Be4 Qh2+ 33. Kf3 Bg3
34. Qb2 Qh3 35. fxg3 Rh2 36. axb6 Rxb2 37. Rxb2 axb6 38. Kf2 b5 1/2-1/2

[Event "4NCL/Div1/IIT1-SLO"]
[Site "Rd04-Birmingham"]
[Date "2000.11.26"]
[Round "4.3"]
[White "Hennigan, Michael"]
[Black "Kosten, Anthony"]
[Result "1-0"]
[WhiteElo "2455"]
[BlackElo "2524"]
[PlyCount "81"]
[EventDate "2000.11.26"]

1. e4 c5 2. Nf3 d6 3. d3 g6 4. g3 Bg7 5. Bg2 Nc6 6. O-O e5 7. c3 Nge7 8. a3 O-O
9. b4 cxb4 10. cxb4 d5 11. Nbd2 h6 12. Bb2 Be6 13. b5 Nd4 14. Bxd4 exd4 15. e5
Bd7 16. Qb3 Qb6 17. a4 Rac8 18. Rfc1 Rfe8 19. Qa2 g5 20. h3 Bf5 21. Rxc8 Rxc8
22. Nb3 Bxd3 23. Qd2 Be4 24. Nbxd4 Ng6 25. Rc1 Rc4 26. Rxc4 dxc4 27. Qb4 Bd3
28. a5 Qd8 29. a6 bxa6 30. bxa6 Nxe5 31. Nxe5 Bxe5 32. Nc6 Qc7 33. Qb5 Bd6 34.
Bd5 Qd7 35. Bxc4 Bxc4 36. Qxc4 Qxh3 37. Nxa7 Bxg3 38. Qc8+ Qxc8 39. Nxc8 Bb8
40. Ne7+ Kf8 41. Nc6 1-0

[Event "4NCL/Div1/IIT1-SLO"]
[Site "Rd04-Birmingham"]
[Date "2000.11.26"]
[Round "4.4"]
[White "Miles, Anthony"]
[Black "Chandler, Murray"]
[Result "1/2-1/2"]
[WhiteElo "2578"]
[BlackElo "2535"]
[PlyCount "37"]
[EventDate "2000.11.26"]

1. Nf3 Nf6 2. d4 e6 3. c3 b6 4. Bg5 Bb7 5. Nbd2 Be7 6. e3 Ne4 7. Bxe7 Qxe7 8.
Nxe4 Bxe4 9. Bd3 Bxd3 10. Qxd3 d5 11. O-O O-O 12. c4 Nd7 13. Rac1 Qd6 14. Rfd1
Rfc8 15. a3 a5 16. h3 c6 17. e4 dxe4 18. Qxe4 a4 19. Ne5 1/2-1/2

[Event "4NCL/Div1/IIT1-SLO"]
[Site "Rd04-Birmingham"]
[Date "2000.11.26"]
[Round "4.5"]
[White "Hebden, Mark"]
[Black "Summerscale, Aaron"]
[Result "1/2-1/2"]
[WhiteElo "2515"]
[BlackElo "2513"]
[PlyCount "105"]
[EventDate "2000.11.26"]

1. d4 Nf6 2. Nf3 c5 3. d5 b5 4. Bg5 Qb6 5. Bxf6 Qxf6 6. c3 d6 7. e4 a6 8. a4 b4
9. a5 Nd7 10. Qc2 Rb8 11. Nbd2 g5 12. Nc4 Bg7 13. Rc1 g4 14. Nfd2 bxc3 15. bxc3
Ne5 16. Nxe5 Qxe5 17. Bd3 h5 18. O-O h4 19. f4 gxf3 20. Nxf3 Qh5 21. e5 dxe5
22. Qf2 Bg4 23. Bxa6 h3 24. g3 O-O 25. Bc4 e4 26. Nh4 Bh6 27. Rce1 Qe5 28. d6
e6 29. Qf6 Qxf6 30. Rxf6 Bg5 31. Rff1 e3 32. Be2 Bxe2 33. Rxe2 Bxh4 34. gxh4
Rfd8 35. Rxe3 Rxd6 36. Rxh3 f5 37. h5 Kh7 38. h6 Ra6 39. Re1 Rb2 40. Rhe3 Rxa5
41. Rxe6 Raa2 42. Rd1 Rg2+ 43. Kf1 Rgd2 44. Rxd2 Rxd2 45. Rc6 Rxh2 46. Rxc5 f4
47. c4 Kxh6 48. Rf5 Rc2 49. Rxf4 Kg5 50. Rd4 Kf5 51. Ke1 Ke5 52. Rh4 Kd6 53.
Kd1 1/2-1/2

[Event "4NCL/Div1/IIT1-SLO"]
[Site "Rd04-Birmingham"]
[Date "2000.11.26"]
[Round "4.6"]
[White "Wells, Peter"]
[Black "McDonald, Neil"]
[Result "0-1"]
[WhiteElo "2504"]
[BlackElo "2439"]
[PlyCount "56"]
[EventDate "2000.11.26"]

1. d4 f5 2. Bg5 g6 3. Nc3 Bg7 4. e4 fxe4 5. Nxe4 d5 6. Nc5 b6 7. Nb3 Nh6 8. Nf3
Nf7 9. Bh4 O-O 10. Be2 Qd6 11. O-O Nc6 12. c4 Bg4 13. cxd5 Nb4 14. h3 Bf5 15.
Rc1 Nxd5 16. Bb5 Bh6 17. Rc6 Qd8 18. Bc4 Nb4 19. Ne5 Nxc6 20. Nxc6 Qd6 21.
Nxe7+ Kh8 22. Re1 Bd7 23. Nd5 Bg5 24. Bxg5 Nxg5 25. Qd2 b5 26. Qxg5 bxc4 27.
Re7 Rae8 28. Qh6 Rf7 0-1

[Event "4NCL/Div1/IIT1-SLO"]
[Site "Rd04-Birmingham"]
[Date "2000.11.26"]
[Round "4.7"]
[White "Gallagher, Joe"]
[Black "McNab, Colin"]
[Result "1/2-1/2"]
[WhiteElo "2514"]
[BlackElo "2400"]
[PlyCount "128"]
[EventDate "2000.11.26"]

1. e4 g6 2. d4 d6 3. Nc3 c6 4. Be3 Nf6 5. Qd2 Bg7 6. Bh6 Bxh6 7. Qxh6 Qa5 8.
Bd3 c5 9. Nge2 cxd4 10. Nxd4 Qb6 11. Qd2 Nc6 12. Nb3 Be6 13. f4 Rc8 14. f5 Bd7
15. O-O-O Ne5 16. Rhf1 gxf5 17. exf5 Rg8 18. g3 Rg4 19. Be2 Rb4 20. Rf4 a5 21.
a3 Rxf4 22. Qxf4 a4 23. Nd2 Qc6 24. g4 Qg2 25. g5 Nd5 26. Nxd5 Qxe2 27. Nc3 Qg4
28. Qxg4 Nxg4 29. f6 Bc6 30. fxe7 Kxe7 31. Nde4 Bxe4 32. Nxe4 Ne3 33. Rd2 Nc4
34. Re2 Ne5 35. Nc3 Rc4 36. Ne4 Ke6 37. Kd2 d5 38. Nf6 Kf5 39. Nxh7 Rd4+ 40.
Kc3 Rc4+ 41. Kd2 Rh4 42. Nf6 d4 43. Nd5 Nc4+ 44. Ke1 Kxg5 45. Nb4 f5 46. Nd3 f4
47. Rf2 Kf5 48. Ke2 b5 49. Ne1 Ke4 50. Nf3 Rg4 51. h4 Rg3 52. h5 Nd6 53. h6 Nf7
54. h7 Rh3 55. Nxd4 Rh5 56. Ne6 Rxh7 57. Nxf4 Ne5 58. Nd3 Nxd3 59. cxd3+ Kd5
60. Kd2 Rh5 61. Kc3 Kc5 62. Re2 Rh4 63. Re5+ Kc6 64. Re4 Rh2 1/2-1/2

[Event "4NCL/Div1/IIT1-SLO"]
[Site "Rd04-Birmingham"]
[Date "2000.11.26"]
[Round "4.8"]
[White "Lalic, Susan"]
[Black "Richards, Heather"]
[Result "1-0"]
[WhiteElo "2315"]
[BlackElo "2139"]
[PlyCount "103"]
[EventDate "2000.11.26"]

1. e4 e6 2. d4 d5 3. Nc3 Bb4 4. e5 c5 5. Qg4 Ne7 6. Nf3 Nbc6 7. a3 Ba5 8. Bd2
cxd4 9. Nxd4 Nxd4 10. Qxd4 O-O 11. f4 Nc6 12. Qd3 f6 13. exf6 Qxf6 14. g3 Bd7
15. O-O-O Be8 16. g4 Rc8 17. Bh3 Bf7 18. Rhf1 a6 19. Kb1 b5 20. f5 b4 21. fxe6
Qxe6 22. g5 Qd6 23. Bf4 Qc5 24. Na4 Qa7 25. Bd6 Rfd8 26. Bc5 Qb7 27. Bxc8 Rxc8
28. Rxf7 Qxf7 29. Qxd5 Qxd5 30. Rxd5 bxa3 31. Bxa3 Bc7 32. Nc5 a5 33. Ne6 Bxh2
34. Rd7 Be5 35. Bc5 Rb8 36. b3 a4 37. Ka2 axb3+ 38. cxb3 Ra8+ 39. Kb1 Ra1+ 40.
Kc2 Ra2+ 41. Kd3 Ra8 42. Ke4 Ba1 43. Kd5 Na5 44. b4 Nb3 45. Bd6 Ra2 46. Nf4 Ra8
47. b5 Na5 48. b6 Bc3 49. Ra7 Re8 50. Ne6 g6 51. Nc5 Be1 52. Ne4 1-0

[Event "4NCL/Div1/IIT2-SWD"]
[Site "Rd04-Birmingham"]
[Date "2000.11.26"]
[Round "4.1"]
[White "Cooper, Lawrence"]
[Black "Cobb, James"]
[Result "1-0"]
[WhiteElo "2336"]
[BlackElo "2352"]
[PlyCount "73"]
[EventDate "2000.11.26"]

1. e4 e5 2. Nf3 Nc6 3. Bb5 a6 4. Ba4 Nf6 5. O-O Be7 6. Qe2 b5 7. Bb3 O-O 8. c3
d6 9. Rd1 Bg4 10. h3 Bh5 11. d3 Re8 12. Nbd2 Na5 13. Bc2 c5 14. Nf1 Nc6 15. Ng3
Bg6 16. Nh4 d5 17. Nxg6 hxg6 18. exd5 Nxd5 19. Qf3 Qd7 20. Bb3 Rad8 21. a3 Nf6
22. Be3 Qc7 23. Ba2 Rf8 24. Ne4 Nxe4 25. Qxe4 Kh7 26. Bd5 f5 27. Qf3 Nb8 28. a4
Qd6 29. Bb3 Nd7 30. axb5 axb5 31. Ra7 Nf6 32. Rda1 Rd7 33. Bg5 Rfd8 34. R1a6
Rxa7 35. Rxa7 e4 36. Qg3 Qxg3 37. fxg3 1-0

[Event "4NCL/Div1/IIT2-SWD"]
[Site "Rd04-Birmingham"]
[Date "2000.11.26"]
[Round "4.2"]
[White "Cooper, John"]
[Black "Giddins, Stephen"]
[Result "1-0"]
[WhiteElo "2341"]
[BlackElo "2315"]
[PlyCount "31"]
[EventDate "2000.11.26"]

1. d4 e6 2. c4 Nf6 3. Nc3 Bb4 4. Bg5 c5 5. d5 d6 6. e3 Qe7 7. Nge2 exd5 8. a3
Bxc3+ 9. Nxc3 Nbd7 10. Nxd5 Qd8 11. Be2 h6 12. Bh4 g5 13. Bg3 Ne4 14. Qc2 Nxg3
15. hxg3 Nf6 16. Qc3 1-0

[Event "4NCL/Div1/IIT2-SWD"]
[Site "Rd04-Birmingham"]
[Date "2000.11.26"]
[Round "4.3"]
[White "Richardson, John"]
[Black "Morris, Charles"]
[Result "1-0"]
[WhiteElo "2338"]
[BlackElo "2238"]
[PlyCount "71"]
[EventDate "2000.11.26"]

1. d4 d5 2. Nf3 Nf6 3. c4 c6 4. Nc3 dxc4 5. a4 Bf5 6. e3 e6 7. Bxc4 Bb4 8. O-O
Nbd7 9. Qe2 Bg6 10. e4 Bxc3 11. bxc3 Nxe4 12. Ba3 Qc7 13. Rfe1 O-O-O 14. Qb2
Nd6 15. Ba2 Kb8 16. c4 Bh5 17. Rab1 Nf5 18. Nh4 Nf6 19. Nxf5 exf5 20. d5 Rhe8
21. Rxe8 Nxe8 22. a5 Ka8 23. a6 bxa6 24. Re1 f6 25. Qb4 cxd5 26. cxd5 a5 27.
Qa4 Nd6 28. Rc1 Qd7 29. Rc6 Nb7 30. Qc2 Bd1 31. Qc3 a4 32. Rc7 Qe8 33. d6 Bb3
34. d7 Qe5 35. Qxe5 fxe5 36. Rc8+ 1-0

[Event "4NCL/Div1/IIT2-SWD"]
[Site "Rd04-Birmingham"]
[Date "2000.11.26"]
[Round "4.4"]
[White "Zeidler, Sven"]
[Black "Black, Richard"]
[Result "1-0"]
[WhiteElo "2255"]
[BlackElo "2264"]
[PlyCount "80"]
[EventDate "2000.11.26"]

1. e4 g6 2. d4 Bg7 3. Nc3 c6 4. Bc4 d5 5. exd5 b5 6. Bb3 b4 7. dxc6 bxc3 8. c7
Qxc7 9. Qf3 Nf6 10. Qxa8 O-O 11. Qf3 Bb7 12. Qg3 Qa5 13. bxc3 Bxg2 14. Qxg2
Qxc3+ 15. Kf1 Qxa1 16. Ne2 Bh6 17. Qb7 Bxc1 18. Kg2 Qb2 19. Rxc1 Qa3 20. c4
Nbd7 21. c5 e6 22. Rc3 Qa5 23. Qf3 Kg7 24. Rc4 e5 25. c6 e4 26. Qc3 Qg5+ 27.
Ng3 Nb6 28. Rc5 Qg4 29. h3 Qf4 30. d5 Re8 31. Ne2 Qg5+ 32. Qg3 Qd2 33. Qe3 Qd3
34. Nf4 Qxe3 35. fxe3 Nc8 36. Ne2 Nd6 37. Nc3 Re7 38. Nb5 Nfe8 39. Ba4 Nc8 40.
Nd4 Kf8 {time} 1-0